|
|
|
|
| LEADER |
00722nam a22001937a 4500 |
| 003 |
GR-PaULI |
| 005 |
20210117211048.0 |
| 007 |
ta |
| 008 |
200317s1930 ||||f |||| 00| 0 eng d |
| 952 |
|
|
|0 0
|1 0
|2 lcc
|4 0
|6 HV0097 M6
|7 1
|9 239936
|a MEDI
|b MEDI
|c DON
|d 2020-03-17
|i 6946
|l 0
|o HV97.M6
|p 025000176187
|r 2020-03-17 00:00:00
|t 1
|v 2020.00
|w 2020-03-17
|y BKN
|z Δωρεά Β. Βαλαώρα (αίθουσα δωρεών)
|
| 999 |
|
|
|c 144905
|d 144905
|
| 040 |
|
|
|a GR-PaULI
|b gre
|c GR-PaULI
|e AACR2
|
| 060 |
|
|
|a HV97.M6
|
| 245 |
0 |
0 |
|a Third annual report of the division of research.
|
| 260 |
|
|
|a [χ.τ.] :
|b [χ.ό.],
|c 1930.
|
| 300 |
|
|
|a 14 σ. ;
|c 23 εκ.
|
| 610 |
|
4 |
|9 176154
|a Milbank Memorial Fund
|
| 942 |
|
|
|2 lcc
|c BKN
|
| 998 |
|
|
|c ΜΑΝΙΑΚΗ
|d 2020
|